| 000 | 01543nam a2200337 i 4500 | ||
|---|---|---|---|
| 003 | EG-ScBUE | ||
| 005 | 20231002102839.0 | ||
| 008 | 110912s1989 u b f b 000 0dara d | ||
| 017 | _a1989 / 2281 | ||
| 020 | _a9770120707 | ||
| 040 |
_aEG-ScBUE _bara _erda _cEG-ScBUE _dEG-ScBUE |
||
| 082 | 0 | 4 |
_222 _a892.78609 _bأ س و |
| 100 | 1 |
_927134 _aالأسود، فاضل، _eمؤلف. |
|
| 245 | 1 | 2 |
_aالرجل والقمة : _bبحوث ودراسات. _nالجزء الأول / _cاختيار وتصنيف فاضل الأسود ؛ تقديم د. سمير سرحان ؛ شارك في جمع الدوريات شكري الشامي، عبد التواب حماد، ياقوت الديب. |
| 264 | 1 |
_aالقاهرة : _bالهيئة المصرية العامة للكتاب، _c1989. |
|
| 300 |
_a771 صفحة : _bخرائط ؛ _c24 سم |
||
| 336 |
_2rdacontent _aنص _btxt |
||
| 337 |
_2rdamedia _aبدون وسيط _bn |
||
| 338 |
_2rdacarrier _aمجلد _bnc |
||
| 504 | _aيشتمل على إرجاعات ببليوجرافية. | ||
| 600 | 1 | 7 |
_2BUEsh _aمحفوظ، نجيب، _d1911-2006. |
| 650 | 7 |
_aالقصص العربية _zمصر _xتاريخ ونقد. _2BUEsh |
|
| 650 | 7 |
_aالأدباء العرب _zمصر. _2BUEsh |
|
| 653 | _cSeptember2011 | ||
| 655 | _vReading book | ||
| 700 | 1 |
_927135 _aسرحان، سمير، _d1941-2006، _cمقدم. |
|
| 700 | 1 |
_aشامي، شكري، _eجامع. |
|
| 700 | 1 |
_aحماد، عبد التواب، _eجامع. |
|
| 700 | 1 |
_aالديب، ياقوت، _eجامع. |
|
| 942 |
_2ddc _cBB |
||
| 999 |
_c16002 _d16002 |
||